000 00438nam a2200181Ia 4500
001 18320
005 20260306171622.0
008 260306s9999||||xx |||||||||||||| ||und||
041 _aESP
082 _aS 658.403
_bE26
100 _aEdwards, Chris
_eAUT
245 0 _aFundamentos de Sistemas de Información
260 _c1988
300 _ax, 205 pƔginas :
_c24 cm.
650 _aGEN
654 _aCAN
942 _cLIB
_dJUS
_fJUS
_2ddc
_n
999 _c18320
_d18320